[Event "Floripa Chess Open 2024"]
[Site "Florianopolis"]
[Date "2024.01.20"]
[Round "1.44"]
[White "Bashtavenko, Aleksey"]
[Black "Rodi, Luis Ernesto"]
[Result "0-1"]
[WhiteElo "1553"]
[BlackElo "2196"]
[PlyCount "64"]
[EventDate "2024.01.20"]
[EventRounds "10"]
[EventCountry "BRA"]

1. Nf3 {Ftacnik,L} d5 2. b3 Bg4 3. Bb2 Nd7 4. d4 ({RR} 4. e3 e5) 4... Ngf6 ({RR
} 4... Bxf3 5. exf3 e6 6. f4 Bd6 7. g3 Qe7 8. Bg2 c6 9. c4 Nh6 ({RR} 9... Ngf6)
10. O-O O-O ({RR} 10... f5 11. cxd5 cxd5 12. Bxd5 exd5 13. Re1) 11. Re1 Nf6 12.
c5 Bc7 13. Nd2 Nf5 14. b4 h5 15. Bh3 g6 16. Nf3 Kg7 17. Ne5 Rh8 18. a4 Nd7 19.
b5 {Smyslov,V (2550)-Ehlvest,J (2585) Moscow 1988 URS-ch [Ftacnik,L] 1-0 (41)})
({RR} 4... e6 5. g3) 5. Ne5 ({RR} 5. e3 e6 6. Be2 c6 7. O-O Bd6 8. Nbd2 O-O 9.
Ne5 Bxe2 10. Qxe2 Qc7 11. f4 a5 12. a4 Rfb8 13. g4 Ne4 14. Nxe4 dxe4 15. g5 b5
16. Nxd7 Qxd7 17. Qg2 c5 18. Qxe4 Qb7 19. Qxb7 Rxb7 {Hasala,R (1855)-Kapinaj,M
(1581) Bratislava SVK 2023 1-0 (35)}) 5... Bf5 $146 ({RR} 5... Bh5 6. Nd2 e6 7.
h3 Nxe5 8. dxe5 Nd7 9. g4 Bg6 10. Bg2 h5 11. e4 c6 12. Qe2 Qa5 13. O-O hxg4 14.
hxg4 O-O-O 15. exd5 exd5 16. a3 Qc5 17. c3 Qe7 18. Rfe1 Qh4 19. b4 Qh2+ 20. Kf1
{Sandor,T (1983)-Foldi,I (2295) Nyiregyhaza 2008 0-1}) 6. e3 e6 7. Bb5 c6 8.
Bd3 Bxd3 9. Qxd3 Bd6 10. O-O Qc7 11. f4 Ne4 12. Nxd7 Qxd7 13. c4 f5 14. c5 Bc7
15. Nc3 h6 16. Nxe4 dxe4 17. Qe2 Rg8 18. Qh5+ Qf7 19. Qxf7+ Kxf7 20. Kf2 g5 21.
g3 Rg6 22. Rg1 Rag8 23. b4 Bd8 24. Rg2 h5 25. Rag1 h4 26. gxh4 gxf4 27. Rxg6
Rxg6 28. Rxg6 fxe3+ 29. Kxe3 Kxg6 30. Ke2 Bxh4 31. Bc1 Bg5 32. Bxg5 Kxg5 0-1

[Event "Floripa Chess Open 2024"]
[Site "Florianopolis"]
[Date "2024.01.20"]
[Round "1.45"]
[White "Sega, Carlos Alberto"]
[Black "Elesbao, Bernardo Dartora"]
[Result "1/2-1/2"]
[WhiteElo "2193"]
[BlackElo "1551"]
[PlyCount "52"]
[EventDate "2024.01.20"]
[EventRounds "10"]
[EventCountry "BRA"]

1. c4 g6 2. g3 Bg7 3. Bg2 e5 4. Nc3 f5 5. d3 Nf6 6. e3 d6 7. Nge2 O-O 8. O-O c6
9. f4 Qe7 ({RR} 9... Be6 10. h3 Kh8 11. Kh2 Na6 12. b3 Bg8 13. Bb2 Qe7 14. Qd2
Rae8 15. Rae1 h5 16. Ng1 Nc5 17. Nf3 e4 18. Nh4 Kh7 19. dxe4 fxe4 20. f5 Bf7
21. fxg6+ Bxg6 22. Ne2 Nd3 23. Nf4 Nxf4 24. Rxf4 {Rakhmanov,A (2634)-Matlakov,
M (2683) Sochi RUS 2018 1-0 (52)}) ({RR} 9... Be6 10. b3 Na6 11. Qd2 Re8 12.
Bb2 Qd7 13. Rad1 Rad8 14. h3 Nc7 15. Kh2 b5 16. Rc1 bxc4 17. dxc4 Na6 18. Rfd1
Qc7 19. Na4 Ne4 20. Qc2 Nb4 21. Qb1 Nf2 22. Rd2 e4 23. Bxg7 Qxg7 24. a3 {
Campos,M (2185)-Demchenko,S (2122) Chennai IND 2022 1-0 (52)}) 10. Qd2 Na6 11.
b3 Nc7 $146 ({RR} 11... e4 12. Ba3 exd3 13. Qxd3 Nc5 14. Bxc5 dxc5 15. Rae1 Be6
16. e4 Rad8 17. Qf3 fxe4 18. Nxe4 Nxe4 19. Qxe4 Qf7 20. Nc1 Bf5 21. Qe7 Rd2 22.
Qxf7+ Kxf7 23. a4 a5 24. Re2 Rfd8 25. Bf3 Rxe2 26. Bxe2 {Carlstedt,J (2442)
-Lagarde,M (2550) Berlin 2015 0-1}) 12. Ba3 Re8 13. Rae1 exf4 14. Nxf4 Ng4 15.
e4 Bd4+ 16. Kh1 Qg7 17. Nd1 Be5 18. Bb2 Bxb2 19. Qxb2 Qxb2 20. Nxb2 Na6 21. Re2
Bd7 22. Rfe1 Nf6 23. exf5 Bxf5 24. Bh3 Bxh3 25. Nxh3 Rxe2 26. Rxe2 Re8 1/2-1/2

[Event "Floripa Chess Open 2024"]
[Site "Florianopolis"]
[Date "2024.01.20"]
[Round "1.46"]
[White "Deretti, Lucas Jurk"]
[Black "Marra, Eduardo Da Costa"]
[Result "0-1"]
[WhiteElo "1548"]
[BlackElo "2189"]
[PlyCount "56"]
[EventDate "2024.01.20"]
[EventRounds "10"]
[EventCountry "BRA"]

1. e4 c5 2. Nf3 e6 3. d4 cxd4 4. Nxd4 Nf6 5. Nc3 Nc6 6. Ndb5 Bc5 7. Bf4 O-O 8.
Bd6 Qb6 9. Bxc5 Qxc5 10. Qd6 Qb6 11. Qd2 ({RR} 11. Rb1 a6 12. Na3 Qb4 13. Nc4
b5 14. a3 Qxd6 15. Nxd6 Ne8 16. Rd1 b4 17. axb4 Nxb4 18. Nxc8 Rxc8 19. Kd2 Nf6
20. Bd3 Rc6 21. Ra1 Rfc8 22. Ra4 Nxd3 23. cxd3 Rb6 24. Kc2 d5 25. Rha1 Rbc6 {
Bologan,V (2672)-Safarli,E (2660) Khanty-Mansiysk 2013 1/2-1/2 (57)}) 11... d5
12. exd5 exd5 13. O-O-O Be6 $146 ({RR} 13... Rd8 14. Nd4 Ne4 15. Qe3 Nxc3 16.
Qxc3 Bd7 17. Kb1 Rac8 18. Qb3 Qc5 19. Nxc6 bxc6 20. Qe3 Qxe3 21. fxe3 Re8 22.
Re1 Re5 23. Kc1 Rce8 24. Kd2 d4 25. e4 Rxe4 26. Rxe4 Rxe4 27. Be2 c5 28. Bf3 {
Kosteniuk,A (2523)-Muzychuk,M (2464) Moscow 2010 1/2-1/2 (50)}) 14. f3 Rac8 15.
Kb1 a6 16. Na4 Qd8 17. Nd4 Qd6 18. g4 Rfe8 19. h4 Bxg4 20. fxg4 Ne4 21. Qh2 Qb4
22. Nb3 Qxa4 23. Rxd5 Nf6 24. Rc5 Nb4 25. Rxc8 Qxa2+ 26. Kc1 Rxc8 27. Nd4 Qa1+
28. Kd2 Qxb2 0-1

[Event "Floripa Chess Open 2024"]
[Site "Florianopolis"]
[Date "2024.01.20"]
[Round "1.47"]
[White "Caetano, Ryan Wesley Da Cost"]
[Black "Barbosa, Kassio Rodrigo"]
[Result "1-0"]
[WhiteElo "2184"]
[BlackElo "1548"]
[PlyCount "57"]
[EventDate "2024.01.20"]
[EventRounds "10"]
[EventCountry "BRA"]

1. d4 {Bulletin} Nf6 2. c4 g6 3. Nc3 Bg7 4. e4 d6 5. f3 O-O 6. Bg5 c5 7. d5 h6
8. Be3 e5 9. Qd2 Kh7 ({RR} 9... h5 10. O-O-O a6 11. h4 b5 12. Nh3 Nbd7 13. Nf2
Qa5 14. Kb1 Nb6 15. Bd3 Bd7 16. g4 Rfb8 17. Bg5 hxg4 18. Bxf6 Bxf6 19. Nxg4 Bg7
20. Qg5 bxc4 21. h5 Na4 22. Nxa4 Bxa4 23. Rd2 cxd3 ({RR} 23... f6 24. Nxf6+
Bxf6 ({RR} 24... Kf8 25. Bxc4) 25. Qxg6+ Bg7 ({RR} 25... Kf8 26. Qxf6+ Ke8 27.
Rg1) 26. h6 Qc7 27. hxg7 Qxg7 28. Qe6+) 24. hxg6 {Mestel,A (2540)-Davies,N  
(2340) Brighton/ East Sussex 1984 EXT 1999 [Bulletin] 1/2-1/2 (48) RR} Qc3 25.
Ka1 Rxb2 26. Rxb2 Rb8 27. Nf6+ Kf8 ({RR} 27... Bxf6 28. gxf7+ Kf8 29. Qg8+ Ke7
30. Qxb8) 28. Nh7+ Ke8 ({RR} 28... Kg8 29. gxf7+ Kxf7 30. Qf5+ Ke8 31. Qe6+ Kd8
32. Qxd6+) 29. gxf7+ Kd7 30. f8=N+) 10. g4 ({RR} 10. Bd3 Na6 11. Nge2 Nc7 12.
a3 Ng8 13. O-O f5 14. f4 exf4 15. Bxf4 Ne7 16. Ng3 Bd4+ 17. Kh1 g5 18. Bxg5
hxg5 19. Qxg5 Bf6 20. Qh5+ Kg7 21. exf5 Rh8 22. Qg4+ Kf7 23. Nce4 Ne8 24. Rae1
Ng8 {Muir,A (2244)-Hryshchenko,K (2139) Hastings ENG 2023 1-0 (33)}) 10... Na6
11. Nge2 Bd7 $146 ({RR} 11... Ng8 12. Ng3 Bf6 13. O-O-O Bd7 14. Bd3 Nc7 15. h4
Bg7 16. Rdg1 Qe8 17. Nf5 gxf5 18. gxf5 f6 19. h5 Rf7 20. Rg6 Qf8 21. Nd1 b5 22.
Nf2 bxc4 23. Bxc4 Bb5 24. b3 Bxc4 25. bxc4 Rb8 26. Qa5 {Garcia Molla,V (2275)
-Gonzalez,J (2310) Valencia 1990 0-1 (33)}) 12. Ng3 Nc7 13. h4 a6 14. g5 Ng8
15. h5 Qe7 16. Nd1 b5 17. Nf2 bxc4 18. Ng4 Bxg4 19. fxg4 Nb5 20. gxh6 Bh8 21.
Bxc4 Nd4 22. O-O-O Qd7 23. Rdf1 Qxg4 24. Rhg1 Nf3 25. Qe2 f5 26. exf5 gxf5 27.
Rxf3 f4 28. Bd3+ Kxh6 29. Nf5+ 1-0

[Event "Floripa Chess Open 2024"]
[Site "Florianopolis"]
[Date "2024.01.20"]
[Round "1.51"]
[White "Federzoni, Enzo"]
[Black "Moreira, Everaldo Bonifacio"]
[Result "1-0"]
[WhiteElo "2170"]
[BlackElo "1541"]
[PlyCount "53"]
[EventDate "2024.01.20"]
[EventRounds "10"]
[EventCountry "BRA"]

1. e4 e6 2. d4 d5 3. Nc3 Bb4 4. e5 c5 5. a3 Bxc3+ 6. bxc3 Ne7 7. Qg4 Nf5 8. Bd3
({RR} 8. h4 Nc6 9. Bd3 h5 10. Qf4 Nce7 11. Bxf5 Nxf5 12. dxc5 Qc7 13. Ne2 Qxc5
14. O-O Qc4 15. Nd4 Qxc3 16. Nxf5 exf5 17. Qg5 Qxe5 18. Bd2 Qf6 19. Qe3+ Be6
20. Bb4 d4 21. Qf4 O-O-O 22. Rfe1 Qh6 {Negi,P (2631)-Sundararajan,K (2474)
Aurangabad 2011 1/2-1/2 (38)}) ({RR} 8. h4 h5 9. Qd1 Nc6 10. Nf3 Bd7 11. Bd3
cxd4 12. Bxf5 exf5 13. cxd4 Qa5+ 14. Bd2 Qa4 15. c3 Qxd1+ 16. Kxd1 Na5 17. Rb1
Rc8 18. Ke2 b6 19. Ng5 g6 20. Nh3 Be6 21. Nf4 Rc6 22. Rb5 Nc4 {Rose,F (2091)
-Cori T.,D (2354) chess.com INT 2022 0-1 (44)}) 8... O-O 9. Bxf5 $146 ({RR} 9.
Nf3 f6 10. exf6 Qxf6 11. Bg5 Qf7 12. Ne5 Qe8 13. dxc5 Nd7 14. Nxd7 Bxd7 15. Rb1
e5 16. Rxb7 e4 17. Be2 Rf7 18. Qh3 Qc8 19. Ba6 Qc6 20. O-O g6 21. g4 Ng7 22.
Rxd7 Rxd7 23. Be2 Qxc5 {Zimmat,T (2022)-Meier,D (2214) Kiel 2003 0-1 (33)})
9... exf5 10. Qg3 Kh8 11. Ne2 Nc6 12. O-O f6 13. exf6 Qxf6 14. dxc5 Re8 15. Be3
Re4 16. Rfe1 Be6 17. Bd4 Qf7 18. f3 Nxd4 19. cxd4 f4 20. Qh4 g5 21. Qxg5 Rg8
22. Qh4 Qg7 23. Qf2 Re3 24. Nxf4 Rxe1+ 25. Rxe1 Bf7 26. Qe3 h5 27. Qe5 1-0

[Event "Floripa Chess Open 2024"]
[Site "Florianopolis"]
[Date "2024.01.20"]
[Round "1.52"]
[White "Monteiro, Samuel Ramazzotte"]
[Black "Labussiere, Yago"]
[Result "0-1"]
[WhiteElo "1540"]
[BlackElo "2167"]
[PlyCount "57"]
[EventDate "2024.01.20"]
[EventRounds "10"]
[EventCountry "BRA"]

1. Nf3 d5 2. g3 Nf6 3. Bg2 Bf5 4. d3 e6 5. O-O h6 6. Nbd2 Be7 7. Re1 O-O 8. c3
c6 ({RR} 8... c5 9. Ne5 Nc6 10. Nxc6 bxc6 11. e4 Bh7 12. Qe2 a5 13. e5 Nd7 14.
Nf1 a4 15. h4 Qa5 16. a3 Qb5 17. Rd1 Rab8 18. Nh2 Qa6 19. Bf1 Kh8 20. Bf4 Rb3
21. Rd2 Rfb8 22. Rc1 Qb7 23. Rcc2 {Pranav,V (2481)-Najer,E (2659) chess.com
INT 2022 0-1 (32)}) 9. Qc2 Bh7 10. e4 Nbd7 11. h3 $146 ({RR} 11. e5 Ne8 12. Nb3
Nc7 13. Qe2 Na6 14. Be3 Nac5 15. Bxc5 Nxc5 16. Nxc5 Bxc5 17. d4 Be7 18. Nd2 Qb6
19. b4 a5 20. a3 Ra7 21. Nb3 axb4 22. axb4 Rfa8 23. Qb2 Ra4 24. Rxa4 Rxa4 25.
Ra1 Qa7 {Becker,N (1776)-Papaioannou,D (1828) Burg Stargard 2002 1/2-1/2 (50)})
11... a5 12. Nd4 Qb6 13. a4 Rfd8 14. Re3 Bf8 15. N2b3 Nc5 16. e5 Nfd7 17. f4
Nxd3 18. Rxd3 c5 19. f5 cxd4 20. Nxd4 Bxf5 21. Bf4 Nc5 22. Nxf5 Nxd3+ 23. Nd4
Nxf4 24. gxf4 Bc5 25. Rd1 Rac8 26. Qe2 Bxd4+ 27. cxd4 Rc4 28. Qd2 Rxa4 29. Bf1
0-1

[Event "Floripa Chess Open 2024"]
[Site "Florianopolis"]
[Date "2024.01.20"]
[Round "1.53"]
[White "Bueno, Alfeu Junior Varela"]
[Black "Soares, Rafael Tuma"]
[Result "1-0"]
[WhiteElo "2156"]
[BlackElo "1540"]
[PlyCount "37"]
[EventDate "2024.01.20"]
[EventRounds "10"]
[EventCountry "BRA"]

1. e4 c5 2. Nc3 Nc6 3. f4 e6 4. Nf3 g6 5. Bb5 Nge7 6. e5 ({RR} 6. O-O Bg7 7. d3
O-O 8. Be3 Nd4 9. Bc4 d5 10. Bb3 Nxf3+ 11. Qxf3 d4 {0-1 (11) Heinechen,J (1957)
-Sroczynski,M (2271) chess.com INT 2023}) 6... d6 ({RR} 6... Bg7 7. Ne4 O-O 8.
Nxc5 Qb6 9. Bxc6 Qxc5 10. Be4 d5 11. exd6 Qxd6 12. d4 Nd5 13. Ne5 f6 14. Nd3
Bd7 15. O-O Bc6 16. Bf3 Rad8 17. Bd2 Nb6 18. c3 Nc4 19. Bxc6 Qxc6 20. b3 Nd6
21. Nc5 {Wippermann,T (2366)-Giardelli,S (2431) Dos Hermanas 2003 0-1 (44)}) 7.
Ne4 Nd5 8. c4 $146 ({RR} 8. d4 Qa5+ 9. Nc3 Nxc3 10. Bxc6+ bxc6 11. Qd2 d5 12.
bxc3 Ba6 13. c4 Qxd2+ 14. Kxd2 Bxc4 15. Ba3 cxd4 16. Bxf8 Rxf8 17. Nxd4 Kd7 18.
Nb3 Rfb8 19. Nc5+ Kc7 20. Rhb1 Rb5 21. Rxb5 cxb5 22. Kc3 a5 {Romero Alfonso,C 
(1883)-Acuna Celada,I (2118) Madrid 2010 0-1 (56)}) 8... Nxf4 9. Nf6+ Ke7 10.
Bxc6 bxc6 11. d4 dxe5 12. Nxe5 Kxf6 13. Bxf4 Kg7 14. Qf3 Bb7 15. Nxf7 Qa5+ 16.
Bd2 Qc7 17. O-O cxd4 18. Qf6+ Kg8 19. Qxh8# 1-0

[Event "Floripa Chess Open 2024"]
[Site "Florianopolis"]
[Date "2024.01.20"]
[Round "1.54"]
[White "Cunha, Rodrigo Azalim"]
[Black "Piasetski, Leon"]
[Result "0-1"]
[WhiteElo "1540"]
[BlackElo "2155"]
[PlyCount "62"]
[EventDate "2024.01.20"]
[EventRounds "10"]
[EventCountry "BRA"]

1. e4 c5 2. Nc3 e6 3. g3 a6 4. Bg2 b5 5. Nf3 Bb7 6. Qe2 ({RR} 6. O-O Nc6 7. d4
cxd4 8. Nxd4 Nxd4 9. Qxd4 Ne7 10. Bf4 Ng6 11. Bd6 Bxd6 12. Qxd6 Rc8 13. Rad1
Qc7 14. Qd4 f6 15. a4 Bc6 16. axb5 axb5 17. Nd5 Bxd5 18. exd5 e5 19. d6 exd4
20. dxc7 Rxc7 {Dubov,D (2709)-Grachev,B (2626) Moscow RUS 2018 1-0 (47)}) 6...
Nc6 ({RR} 6... Qc7 7. O-O Nf6 8. d3 d6 9. Bf4 Nbd7 10. Rad1 Be7 11. a4 b4 12.
Nb1 O-O 13. Nbd2 h6 14. e5 dxe5 15. Bxe5 Nxe5 16. Qxe5 Bd6 17. Qe2 Bc6 18. Ra1
Nd7 19. Nc4 Nb6 20. Nxb6 Qxb6 21. Nd2 {Howell,D (2663)-Melian,J (2197) chess.
com INT 2023 1-0}) 7. O-O Nge7 8. a3 $146 ({RR} 8. b3 Ng6 9. Bb2 Bd6 10. Nxb5
axb5 11. Bxg7 Rg8 12. Bb2 b4 13. Rfd1 e5 14. c3 Qb6 15. Qe3 Qd8 16. a3 bxa3 17.
Bxa3 Qe7 18. d3 f6 19. Kh1 Kf8 20. Bh3 Kg7 21. Bf5 Ra6 22. h4 Rga8 {Ondangan,R
(2058)-Gorovets,A (2474) Agoura Hills 2014 0-1 (34)}) 8... Nd4 9. Nxd4 cxd4 10.
Nd1 Nc6 11. c3 Bc5 12. d3 O-O 13. Kh1 Qe7 14. f4 Rae8 15. f5 exf5 16. Rxf5 g6
17. Rxc5 Qxc5 18. Bh6 d5 19. Qf2 dxe4 20. Bxe4 Qh5 21. Bxf8 Rxe4 22. dxe4 Ne5
23. Qxd4 Qf3+ 24. Kg1 Bxe4 25. Ne3 Qh1+ 26. Kf2 Qxh2+ 27. Ng2 Qxg2+ 28. Ke3
Ng4+ 29. Kf4 Qf3+ 30. Kg5 Qf5+ 31. Kh4 Qh5# 0-1

[Event "Floripa Chess Open 2024"]
[Site "Florianopolis"]
[Date "2024.01.20"]
[Round "1.57"]
[White "De Oliveira, Gustavo Alfredo Bue"]
[Black "Arnosti, Marcelo Gusmao"]
[Result "1-0"]
[WhiteElo "2147"]
[BlackElo "1525"]
[PlyCount "59"]
[EventDate "2024.01.20"]
[EventRounds "10"]
[EventCountry "BRA"]

1. d4 d5 2. c4 c6 3. Nc3 Nf6 4. Nf3 e6 5. g3 Nbd7 6. Bg2 Bd6 7. O-O O-O 8. Qd3
Re8 9. Bf4 Bxf4 10. gxf4 dxc4 11. Qxc4 Nd5 12. e3 f6 $146 ({RR} 12... Qf6 13.
Ne5 Qh4 14. b4 N7f6 15. Rac1 Ng4 16. Nxg4 Qxg4 17. Ne4 a6 18. a3 h5 19. h3 Qg6
20. Kh2 Rd8 21. Qe2 a5 22. bxa5 Rxa5 23. Qb2 h4 24. Rc5 Rxc5 25. dxc5 Qh6 26.
Qd4 f5 27. Nd6 {Molnar,A (2224)-Hidegh Gobolyos,G Hungary 2010 1-0 (31)}) 13.
Rac1 N7b6 14. Qb3 Bd7 15. Ne4 Qc7 16. Nc5 Bc8 17. Kh1 Nd7 18. Nd3 Qd6 19. Nd2
a5 20. Ne4 Qb8 21. a4 Ra6 22. Qa3 b5 23. Qd6 Qb7 24. Ndc5 Nxc5 25. Nxc5 Qa8 26.
Nxa6 Qxa6 27. Qxc6 Qxc6 28. Rxc6 Bb7 29. Bxd5 Bxc6 30. Bxc6 1-0

[Event "Floripa Chess Open 2024"]
[Site "Florianopolis"]
[Date "2024.01.20"]
[Round "1.58"]
[White "Barbosa, Rafael Santos"]
[Black "Nemeth Junior, Henrique"]
[Result "0-1"]
[WhiteElo "1524"]
[BlackElo "2147"]
[PlyCount "52"]
[EventDate "2024.01.20"]
[EventRounds "10"]
[EventCountry "BRA"]

1. d4 Nf6 2. c4 c5 3. d5 d6 4. Nc3 g6 5. e4 Bg7 6. f4 O-O 7. Nf3 e6 8. Bd3 exd5
9. cxd5 b5 10. O-O c4 11. Bc2 b4 12. Ne2 Re8 13. Ng3 Qb6+ ({RR} 13... Nbd7 14.
Re1 Ng4 15. Qe2 Qb6+ 16. Kf1 Nc5 17. h3 b3 18. hxg4 bxc2 19. Qxc2 Bxg4 20. Be3
Qxb2 21. Qxc4 Rac8 22. Rab1 Qa3 23. Bxc5 Rxc5 24. Qb3 Qa6+ 25. Kg1 Bxf3 26.
Qxf3 Qxa2 27. e5 Qxd5 28. exd6 {Arabidze,M (2447)-Osinovsky,S (2241) chess.com
INT 2023 0-1 (44)}) 14. Kh1 Ng4 15. Rb1 $146 ({RR} 15. Qe1 c3 16. Rb1 Ba6 17.
Ne2 cxb2 18. Bd2 Ne3 19. Bxe3 Qxe3 20. Rf2 Nd7 21. Kg1 Rac8 22. Ned4 Bxd4 23.
Nxd4 Qxd4 24. Kh1 Nc5 25. f5 Nxe4 {0-1 (25) Moises,F-Gentes,K (2235) Manitoba
1991}) 15... Nf2+ 16. Rxf2 Qxf2 17. b3 c3 18. Nf1 Ba6 19. Ne3 Be2 20. Qe1 Qxe1+
21. Nxe1 Nd7 22. Nc4 Bf8 23. Kg1 Nc5 24. Kf2 Bxc4 25. bxc4 a5 26. Kf3 f5 0-1

[Event "Floripa Chess Open 2024"]
[Site "Florianopolis"]
[Date "2024.01.20"]
[Round "1.59"]
[White "Jordao Barbosa, Marcio"]
[Black "De Souza, Joao Francisco Biz"]
[Result "1-0"]
[WhiteElo "2146"]
[BlackElo "1523"]
[PlyCount "39"]
[EventDate "2024.01.20"]
[EventRounds "10"]
[EventCountry "BRA"]

1. e4 c5 2. Nf3 e6 3. d4 cxd4 4. Nxd4 Nc6 5. Nc3 Qc7 6. Be3 a6 7. Qd2 Nf6 8. f3
Be7 9. O-O-O b5 10. g4 Bb7 ({RR} 10... Nxd4 11. Bxd4 Bb7 12. h4 O-O 13. h5 e5
14. Be3 b4 15. Na4 d5 16. g5 d4 17. gxf6 dxe3 18. Qd7 Bd8 19. fxg7 Kxg7 20. h6+
Kh8 21. Qxc7 Bxc7 22. Nc5 Bc8 23. Nd3 a5 24. Re1 Be6 25. Kb1 {Golubka,P (2495)
-Matlakov,M (2685) chess.com INT 2020 1/2-1/2 (83)}) 11. Kb1 Rd8 $146 ({RR} 
11... Nxd4 12. Bxd4 b4 13. Ne2 d5 14. e5 Nd7 15. f4 a5 16. Ng3 Bc5 17. Bb5 Bc6
18. Bxc6 Qxc6 19. f5 O-O-O 20. c3 Kb7 21. Rc1 Qb5 22. Ne2 Rhe8 23. fxe6 fxe6
24. Rhf1 Rf8 25. Rxf8 Rxf8 26. Bxc5 {Frey,A (2098)-Ambartsumova,K (2278) Koge
2014 0-1 (64)}) ({RR} 11... Nxd4 12. Bxd4 O-O 13. h4 d5 14. g5 Nh5 15. exd5 b4
16. d6 bxc3 17. dxc7 cxd2 18. Rxd2 Rac8 19. Be5 f6 20. gxf6 Bxf6 21. Bd6 Rf7
22. Bh3 Rfxc7 23. Bxe6+ Kh8 24. Bxc7 Rxc7 25. Rd7 Rxd7 26. Bxd7 {Vasques,A  
(2229)-Stijve,T (2337) chess.com INT 2023 0-1 (51)}) 12. Qf2 Nxd4 13. Bxd4 Qf4
14. Ne2 Qh6 15. Be3 g5 16. h4 Qg6 17. hxg5 Nxg4 18. fxg4 Bxe4 19. Nf4 Bxh1 20.
Nxg6 1-0

[Event "Floripa Chess Open 2024"]
[Site "Florianopolis"]
[Date "2024.01.20"]
[Round "1.60"]
[White "Guimaraes, Victor Carib Crosla"]
[Black "Starke, Bruno Orlando"]
[Result "0-1"]
[WhiteElo "1522"]
[BlackElo "2145"]
[PlyCount "38"]
[EventDate "2024.01.20"]
[EventRounds "10"]
[EventCountry "BRA"]

1. d4 d5 2. Bf4 Nf6 3. e3 c5 4. c3 Nc6 5. Nd2 Qb6 6. Qb3 c4 7. Qc2 Bg4 8. b3 ({
RR} 8. Ngf3 e6 9. h3 Bf5 10. Qc1 Rc8 11. g4 Bg6 12. Nh4 Be7 13. Nxg6 hxg6 14.
Bg2 Qd8 15. Qc2 b5 16. a3 a5 17. Bg3 g5 18. Qd1 Bd6 19. Bxd6 Qxd6 20. e4 Qf4
21. Qf3 Qxf3 22. Bxf3 Ne7 {Sergeev,V (2526)-Potkin,V (2684) Warsaw 2011 0-1  
(49)}) 8... cxb3 9. axb3 Rc8 ({RR} 9... e6 10. Bd3 Rc8 11. Qb1 Be7 12. Ngf3 Bh5
13. O-O Bg6 14. c4 dxc4 15. bxc4 Qxb1 16. Bxb1 O-O 17. h3 Rfd8 18. Bxg6 hxg6
19. Rfb1 b6 20. Ne5 Nxe5 21. Bxe5 Rd7 22. Ra4 Ne8 23. Kf1 Bd6 24. Nf3 {Weetik,
V (2423)-Santos Flores,A (2198) chess.com INT 2023 1-0}) 10. c4 $146 ({RR} 10.
Qb2 e6 11. h3 Bh5 12. Ngf3 Bxf3 13. Nxf3 Ne4 14. Nd2 Nxd2 15. Kxd2 Be7 16. Bd3
O-O 17. Rhd1 e5 18. dxe5 f6 19. exf6 Bxf6 20. Ke2 Nb4 21. Rac1 Nxd3 22. Rxd3
Bh4 23. g3 Bf6 24. Qa3 Rcd8 {Nickel,A (2623)-Bross,H (2579) ICCF INT 2016 1/
2-1/2}) 10... Nxd4 11. Qd3 Nc6 12. cxd5 Nb4 13. Qb5+ Nd7 14. f3 Nc2+ 15. Kf2
Qxb5 16. Bxb5 Nxa1 17. fxg4 Rc1 18. Ngf3 Rxh1 19. Ne5 f6 0-1

[Event "Floripa Chess Open 2024"]
[Site "Florianopolis"]
[Date "2024.01.20"]
[Round "1.61"]
[White "Silva, Kaua Marques"]
[Black "Da Costa, Carlos Henrique Luz"]
[Result "1-0"]
[WhiteElo "2142"]
[BlackElo "1520"]
[PlyCount "59"]
[EventDate "2024.01.20"]
[EventRounds "10"]
[EventCountry "BRA"]

1. e4 e5 2. Nc3 Nf6 3. f4 d6 4. Nf3 Nc6 5. Bc4 h6 6. d3 Be7 7. O-O ({RR} 7. h3
O-O 8. f5 Bd7 9. g4 Nh7 10. h4 Kh8 11. Nd5 Nd4 12. Nxe7 Nxf3+ 13. Qxf3 Qxe7 14.
g5 f6 15. g6 Rac8 16. gxh7 c6 17. Rg1 d5 18. exd5 cxd5 19. Qxd5 Rfd8 20. Qe4
Bc6 21. Qe2 e4 {Skelton,A-Dean,M Cambridge ENG 2023 1-0}) 7... O-O 8. f5 Na5
$146 ({RR} 8... a6 9. a4 b6 10. Nd5 Bb7 11. Nh4 Nxd5 12. exd5 Bxh4 13. dxc6
Bxc6 14. Qg4 Qf6 15. g3 Bg5 16. h4 Bxc1 17. Raxc1 b5 18. Bb3 bxa4 19. Bxa4 Bxa4
20. Qxa4 Kh7 21. Qc6 Qe7 22. Ra1 a5 23. Qd5 {Kallio,H-Aarnio,J Turku 1993 1-0 
(50)}) 9. Qe1 Nxc4 10. dxc4 Nh7 11. Qg3 Ng5 12. Ne1 Kh8 13. h4 Nh7 14. Nf3 Nf6
15. Be3 b6 16. Rae1 Bb7 17. Bc1 Rg8 18. Qh3 h5 19. Ng5 Qe8 20. Rf3 Ng4 21. Rg3
Rd8 22. Rxg4 hxg4 23. Qxg4 f6 24. Ne6 Rd7 25. h5 c6 26. Re3 d5 27. Rh3 Kh7 28.
Qg6+ Kh8 29. h6 Qxg6 30. hxg7# 1-0

[Event "Floripa Chess Open 2024"]
[Site "Florianopolis"]
[Date "2024.01.20"]
[Round "1.62"]
[White "Da Silva, Kauan Salvagni Tele"]
[Black "Ribeiro, Matheus Mendes Domi"]
[Result "0-1"]
[WhiteElo "1517"]
[BlackElo "2130"]
[PlyCount "36"]
[EventDate "2024.01.20"]
[EventRounds "10"]
[EventCountry "BRA"]

1. d4 d5 2. c4 e6 3. Nf3 Nf6 4. e3 c6 5. Bd3 Bd6 6. O-O Nbd7 ({RR} 6... O-O 7.
b3 Nbd7 8. Bb2 Qe7 9. Ne5 c5 10. Nd2 b6 11. cxd5 exd5 12. f4 Bb7 13. Qf3 cxd4
14. exd4 Bb4 15. Rad1 Bxd2 16. Rxd2 Ne4 17. Rc2 Rfc8 18. Rfc1 Rxc2 19. Rxc2 Nf8
20. h3 Ne6 21. f5 {Fridman,D (2621)-Kasimdzhanov,R (2690) Bastia 2007 1/2-1/2 
(50)}) 7. b3 e5 ({RR} 7... Ne4 8. Bb2 f5 9. Ne5 O-O 10. f3 Nef6 11. Nd2 Qe8 12.
Qe2 Qh5 13. a3 Qh6 14. b4 a5 15. c5 Bc7 16. Nb3 a4 17. Nd2 Nxe5 18. dxe5 Nd7
19. f4 b6 20. cxb6 Bxb6 21. Nf3 c5 22. bxc5 {Shimanov,A (2578)-Salvador,L  
(2143) chess.com INT 2023 1-0 (33)}) 8. dxe5 Nxe5 9. h3 $146 ({RR} 9. Bb2 Nxd3
10. Qxd3 dxc4 11. Qxc4 O-O 12. Nbd2 Be7 13. Rfd1 Qa5 14. Qh4 Qf5 15. Nc4 Qg4
16. Nd6 Qxh4 17. Nxh4 g6 18. Nf3 Rd8 19. Nxc8 Raxc8 20. Kf1 Ne4 21. Ke2 c5 22.
Ne5 f6 23. f3 Ng5 {Janowski,D-Jaffe,C New York,NY 1917 0-1 (79)}) 9... Nxf3+
10. Qxf3 Be5 11. Ba3 Bxa1 12. Qg3 Be6 13. cxd5 Qxd5 14. Rd1 O-O-O 15. Be2 Qe5
16. f4 Rxd1+ 17. Bxd1 Qf5 18. Nd2 Rd8 0-1

[Event "Floripa Chess Open 2024"]
[Site "Florianopolis"]
[Date "2024.01.20"]
[Round "1.63"]
[White "Ferreira, Vitor Hugo Vieira"]
[Black "Pavao, Alice Lara Biasi"]
[Result "1-0"]
[WhiteElo "2128"]
[BlackElo "1517"]
[PlyCount "57"]
[EventDate "2024.01.20"]
[EventRounds "10"]
[EventCountry "BRA"]

1. d4 Nf6 2. c4 g6 3. Nc3 d5 4. Nf3 Bg7 5. Qb3 dxc4 6. Qxc4 O-O 7. e4 Nbd7 8.
Be2 Nb6 9. Qb3 c6 ({RR} 9... Bg4 10. Be3 a5 11. a4 h5 12. h3 Bxf3 13. Bxf3 e6
14. O-O Qd7 15. Rfd1 Rfd8 16. d5 exd5 17. exd5 Nc8 18. Qxb7 Nd6 19. Qc6 Qe7 20.
Nb5 Rac8 21. Bc5 Nfe4 22. Re1 f5 23. Re2 Kh7 24. Rae1 {Almedina Ortiz,E (2156)
-Danielyan,V (2346) chess.com INT 2023 0-1 (35)}) 10. O-O Qc7 11. Bg5 Rd8 $146
({RR} 11... Nh5 12. Rac1 h6 13. Be3 Nf4 14. Rfe1 Bg4 15. Bf1 Kh7 16. a4 Nh3+
17. Kh1 Bxf3 18. gxf3 Ng5 19. Bg2 Qd7 20. a5 Nc8 21. f4 Ne6 22. d5 cxd5 23.
Nxd5 Nd6 24. Red1 Qb5 25. Qxb5 Nxb5 26. e5 {Wachovius,H-Goihl,M (2134)
Recklinghausen 2001 1/2-1/2 (69)}) 12. Rac1 Qd7 13. a4 Qe6 14. Qc2 a5 15. Bf4
Rf8 16. Bc7 Nfd7 17. Rfd1 f6 18. d5 cxd5 19. exd5 Qf7 20. Qb3 Bh6 21. Ra1 Qe8
22. Bxb6 Nxb6 23. Qxb6 Qd7 24. Bb5 Qd6 25. Qxd6 exd6 26. Ne4 Bf4 27. g3 f5 28.
Neg5 Bxg5 29. Nxg5 1-0